Physics - Altitude by Measurement of Air Pressure and Temperature.

Bibliographic Details
Corporate Author: United States. Weather Bureau
Format: Government Document eBook
Language:English
Published: [Washington] : [s.n.], 1944.
Subjects:
Online Access:Electronic resource (PDF)

MARC

Tag First Indicator Second Indicator Subfields
LEADER 00000cam a22000001i 4500
001 in00003950921
006 m d f
007 cr bn mmmapmmp
008 441008s1944 dcu o f000 0 eng d
005 20250210234934.6
035 |a ebd1943007665 
040 |a UMI  |c UMI  |e rda  |d UtOrBLW 
086 0 |a C 30.2:Al 7 
099 |a C30.2..Al7 
110 1 |a United States.  |b Weather Bureau.  |0 http://id.loc.gov/authorities/names/n79049341 
245 1 0 |a Physics - Altitude by Measurement of Air Pressure and Temperature. 
264 1 |a [Washington] :  |b [s.n.],  |c 1944. 
300 |a 1 online resource (24 pages), digital, PDF file 
336 |a text  |b txt  |2 rdacontent 
337 |a computer  |b c  |2 rdamedia 
338 |a online resource  |b cr  |2 rdacarrier 
500 |a Includes tables and photographs. 
533 |a Electronic reproduction.  |b [Bethesda, Md.] :  |c ProQuest,  |d 2017  |e digital, PDF file.  |n ProQuest U.S. Executive Branch Documents  |n Mode of access: World Wide Web via ProQuest website. 
588 |a Record is based on online resource; title from PDF title page (ProQuest, last viewed Jan. 2017). Reuse except for individual research requires license from ProQuest, LLC. 
650 0 |a Weights and measures.  |0 http://id.loc.gov/authorities/subjects/sh85145963 
650 0 |a Weather.  |0 http://id.loc.gov/authorities/subjects/sh85145843 
650 0 |a Mathematics.  |0 http://id.loc.gov/authorities/subjects/sh85082139 
856 4 0 |u http://proxy.library.tamu.edu/login?url=http://congressional.proquest.com/congressional/docview/t66.d71.c30.2..al7?  |y Electronic resource (PDF)  |t 0 
999 f f |s e3a3c7a0-67b8-3dc3-954e-8cd200abfb1f  |i b4f807e7-c47a-3ce0-8079-94ee59c7d515  |t 0 
952 f f |a Texas A&M University  |b College Station  |c Electronic Resources  |d Available Online  |t 0  |h No information provided 
998 f f |t 0  |l Available Online